Calculs numériques et graphiques

Bewaard in:
Bibliografische gegevens
Hoofdauteur: Gau, Emile (Auteur)
Formaat: Boek
Taal:Frans
Gepubliceerd in: París Armand Colin 1925
Reeks:Collection Armand Colin, 25
Onderwerpen:
Tags: Voeg label toe
Geen labels, Wees de eerste die dit record labelt!

MARC

LEADER 00000nam a2200000 a 4500
001 UCP3404
003 CL-VaPUC
008 990618e19250000FR |||||||||||||||||fre|d
082 0 4 |a 515  |b GAU  |2 21 
100 0 |a Gau, Emile  |e author  |9 430638 
245 1 0 |a Calculs numériques et graphiques 
300 |a 206 p 
942 |c BK 
945 |d 19990618 00:00:00  |a crobeson 
260 |a París  |b Armand Colin  |c 1925 
650 0 |a Cálculo  |9 260234 
650 0 |a Ecuaciones  |9 260137 
650 0 |a Integrales   |9 260233 
650 0 |a Funciones   |9 263869 
583 |a last modification  |c 19990618 00:00:00  |k Rodrigo Vera 
490 0 |a Collection Armand Colin, 25 
999 |c 281729  |d 281727 
952 |0 0  |1 0  |4 0  |6 515_000000000000000_GAU_1925  |7 0  |8 A  |9 322703  |a BIBMAT  |b BIBMAT  |d 2019-11-20  |i 1350781  |o 515 GAU 1925  |p 1350781  |r 2025-01-07  |w 2019-11-20  |y BK  |k MAT